Quiz Demon Slayer - Statistiques

Statistiques générales
  • Ce quiz a été pris 481 fois
  • Le résultat moyen est 84 sur 99
Statistiques - réponses
Question Tuile Select % Correct
Combien y-a-t ’il de lunes démoniaques ? 13 Non
97%
Combien y-a-t ’il de lunes démoniaques ? 7 Non
97%
Quelle est l’image correspondante aux yeux d’Obanai Iguro ? Non
96%
Quelle est l’image correspondante aux yeux d’Obanai Iguro ? Non
96%
Quelle est l’image correspondante aux yeux d’Obanai Iguro ? Non
96%
Quelle est l’image correspondante aux yeux d’Obanai Iguro ? Non
96%
Combien y-a-t ’il de lunes démoniaques ? 16 Non
96%
Quelle est l’image correspondante aux yeux d’Obanai Iguro ? Non
95%
Quelle est l'image qui correspond aux premières minutes de l'épisode 1 saison 1 ? Non
95%
Quelle est l'image qui correspond aux premières minutes de l'épisode 1 saison 1 ? Non
95%
Quelle est l'image qui correspond aux premières minutes de l'épisode 1 saison 1 ? Non
95%
Quelle est l'image qui correspond aux premières minutes de l'épisode 1 saison 1 ? Non
95%
Quelle est l'image qui correspond aux premières minutes de l'épisode 1 saison 1 ? Non
95%
Qui est le tout premier démon que Tanjiro rencontre ? Non
95%
Qui est le tout premier démon que Tanjiro rencontre ? Non
95%
Combien y-a-t ’il de lunes démoniaques ? 14 Non
95%
Combien y-a-t ’il de lunes démoniaques ? 8 Non
95%
Combien y-a-t ’il de lunes démoniaques ? 9 Non
95%
Quel est le vrai nom de Daki ? Bao Non
95%
Quel est le vrai nom de Daki ? Kanao Non
95%
Quelle est l’image correspondante aux yeux d’Obanai Iguro ? Non
94%
Quelle est l’image correspondante aux yeux d’Obanai Iguro ? Non
94%
Quelle est l'image qui correspond aux premières minutes de l'épisode 1 saison 1 ? Non
94%
Quel katana correspond à celui de Giyu Tomioka ? Non
94%
Quel katana correspond à celui de Giyu Tomioka ? Non
94%
Qui est le tout premier démon que Tanjiro rencontre ? Non
94%
Quel est le vrai nom de Daki ? Kisato Non
94%
Quel est le vrai nom de Daki ? Yun Non
94%
Quelle est l’image correspondante aux yeux d’Obanai Iguro ? Non
93%
Qui est le tout premier démon que Tanjiro rencontre ? Non
93%
Qui est le tout premier démon que Tanjiro rencontre ? Non
93%
Qui est le tout premier démon que Tanjiro rencontre ? Non
93%
Quelle est le numéro de lune de Hantengu ? 1 Non
93%
Quel est le nom de couverture utilisé par Tanjiro lorsqu'il est déguisé en femme ? Hinatsuru Non
93%
Quel est le nom de couverture utilisé par Tanjiro lorsqu'il est déguisé en femme ? Momo Non
93%
Quel est le vrai nom de Daki ? Tamayo Non
93%
Quel katana correspond à celui de Giyu Tomioka ? Non
92%
Combien y-a-t ’il de lunes démoniaques ? 6 Non
92%
Quelle citation n'est pas de Demon Slayer ? « Je peux le faire. Je sais que je peux le faire. » Non
92%
Quelle citation n'est pas de Demon Slayer ? « Tout comme moi, ils étaient aussi humains. » Non
92%
Quel est le nom de couverture utilisé par Tanjiro lorsqu'il est déguisé en femme ? Yume Non
92%
Quel est le nom de couverture utilisé par Tanjiro lorsqu'il est déguisé en femme ? Zenko Non
92%
Combien y-a-t ’il de lunes démoniaques ? 10 Non
91%
Quelle est le numéro de lune de Hantengu ? 12 Non
91%
Quelle est le numéro de lune de Hantengu ? 2 Non
91%
Quelle citation n'est pas de Demon Slayer ? « C'est toi qui ira en enfer, Muzan ! » Non
91%
Quel pilier teste la résistance à la vue du sang de Nezuko en se blessant volontairement ? Mitsuri Non
91%
Quel pilier teste la résistance à la vue du sang de Nezuko en se blessant volontairement ? Muichiro Non
91%
Quel pilier teste la résistance à la vue du sang de Nezuko en se blessant volontairement ? Rengoku Non
91%
Quel est le nom de couverture utilisé par Tanjiro lorsqu'il est déguisé en femme ? Rika Non
91%
Quel pilier teste la résistance à la vue du sang de Nezuko en se blessant volontairement ? Tokito Non
91%
Quelle est le numéro de lune de Hantengu ? 3 Non
90%
Quelle est le numéro de lune de Hantengu ? 9 Non
90%
Quel est le nom de couverture utilisé par Tanjiro lorsqu'il est déguisé en femme ? Sachi Non
90%
Quel pilier teste la résistance à la vue du sang de Nezuko en se blessant volontairement ? Shinobu Non
90%
Quel pilier teste la résistance à la vue du sang de Nezuko en se blessant volontairement ? Tomioka Non
90%
Quel katana correspond à celui de Giyu Tomioka ? Non
89%
Quelle est le numéro de lune de Hantengu ? 7 Non
89%
Quel est le nom de couverture utilisé par Tanjiro lorsqu'il est déguisé en femme ? Inoko Non
89%
Quel pilier teste la résistance à la vue du sang de Nezuko en se blessant volontairement ? Tengen Non
89%
Quel katana correspond à celui de Giyu Tomioka ? Non
88%
Quel katana correspond à celui de Giyu Tomioka ? Non
88%
Quelle citation n'est pas de Demon Slayer ? « Enflammez votre cœur. » Non
88%
Quel est le vrai nom de Daki ? Gutaru Non
88%
Quel pilier teste la résistance à la vue du sang de Nezuko en se blessant volontairement ? Gyomei Non
88%
Quelle est l'image qui correspond aux premières minutes de l'épisode 1 saison 1 ? Non
87%
Quelle est le numéro de lune de Hantengu ? 8 Non
87%
Quel est le vrai nom de Daki ? Yumeno Non
87%
Quelle est l’image correspondante aux yeux d’Obanai Iguro ? Oui
86%
Quel katana correspond à celui de Giyu Tomioka ? Non
86%
Qui est le tout premier démon que Tanjiro rencontre ? Non
86%
Comment s'appelle l'épouse de Muzan ? Kyoguro Non
86%
Comment s'appelle l'épouse de Muzan ? Haruno Non
85%
Quelle est le numéro de lune de Hantengu ? 6 Non
83%
Quelle citation n'est pas de Demon Slayer ? « Le destin est sur le point de prendre une tournure dramatique. » Non
83%
Comment s'appelle l'épouse de Muzan ? Kazuko Non
82%
Comment s'appelle l'épouse de Muzan ? Akiko Non
81%
Quel est le vrai nom de Daki ? Dakimo Non
80%
Quel pilier teste la résistance à la vue du sang de Nezuko en se blessant volontairement ? Sanemi Oui
79%
Quelle citation n'est pas de Demon Slayer ? « Tout ce que je sais faire, c'est travailler dur ! C'est l'histoire de ma vie ! » Non
79%
Comment s'appelle l'épouse de Muzan ? Itomi Non
78%
Comment s'appelle l'épouse de Muzan ? Yue Non
78%
Combien y-a-t ’il de lunes démoniaques ? 12 Oui
76%
Comment s'appelle l'épouse de Muzan ? Rina Non
76%
Quelle est l'image qui correspond aux premières minutes de l'épisode 1 saison 1 ? Oui
74%
Quel katana correspond à celui de Giyu Tomioka ? Non
73%
Qui est le tout premier démon que Tanjiro rencontre ? Non
72%
Comment s'appelle l'épouse de Muzan ? Ayame Non
71%
Quelle est l'image qui correspond aux premières minutes de l'épisode 1 saison 1 ? Non
68%
Quelle citation n'est pas de Demon Slayer ? « Je ne perdrai jamais contre des gens méchants ! » Non
65%
Quelle est le numéro de lune de Hantengu ? 4 Oui
62%
Qui est le tout premier démon que Tanjiro rencontre ? Oui
61%
Quel est le nom de couverture utilisé par Tanjiro lorsqu'il est déguisé en femme ? Tanjo Non
61%
Quelle citation n'est pas de Demon Slayer ? « Dieu merci! » Non
57%
Quel est le vrai nom de Daki ? Ume Oui
56%
Quel katana correspond à celui de Giyu Tomioka ? Oui
48%
Quel est le nom de couverture utilisé par Tanjiro lorsqu'il est déguisé en femme ? Sumiko Oui
41%
Comment s'appelle l'épouse de Muzan ? Tsukihiko Oui
16%
Quelle citation n'est pas de Demon Slayer ? « Vous pouvez mourir à tout moment, mais vivre demande un vrai courage. » Oui
7%
Aucun quiz correspondant
Distribution des résultats
% des personnes avec chaque résultat
Percentile par nombre de réponses
Votre historique - résultats
Vous n’avez pas pris ce quiz